Statistics for Eurovision - Armenia recieved 12 points

Click here to take the quiz!

General Stats

  • This quiz has been taken 79 times
  • The average score is 11 of 14

Answer Stats

#Country% Correct
10Russia
100%
6France
93%
3Georgia
93%
2Ukraine
93%
2Greece
91%
1Spain
88%
1Turkey
83%
2Cyprus
80%
2Israel
70%
6Belgium
68%
2Poland
68%
7Netherlands
62%
1Bulgaria
62%
5Czech Republic
57%

Score Distribution

Percentile by Number Answered

Percent of People with Each Score

Your Score History

You have not taken this quiz